Normal view
MARC view
- NC Shahzaib Zafar NC M.Saad Hasib Malik GC Hasil Shah Hamdani GC Waqas Bashir
Entry Personal Name
001 - CONTROL NUMBER
- control field: 71293
003 - CONTROL NUMBER IDENTIFIER
- control field: NUST
005 - DATE AND TIME OF LATEST TRANSACTION
- control field: 20210628204622.0
008 - FIXED-LENGTH DATA ELEMENTS
- fixed length control field: 210628|| aca||aabn | a|a d
040 ## - CATALOGING SOURCE
- Original cataloging agency: NUST
- Transcribing agency: NUST
100 ## - HEADING--PERSONAL NAME
- Personal name: NC Shahzaib Zafar NC M.Saad Hasib Malik GC Hasil Shah Hamdani GC Waqas Bashir
670 ## - SOURCE DATA FOUND
- Source citation: Work cat.: (NUST): NC Shahzaib Zafar NC M.Saad Hasib Malik GC Hasil Shah Hamdani GC Waqas Bashir, PR-SOF-1757-Heads Up Display For Real Time Information Relay During Combat Scenarios, 2018
